000 00375nam a2200157Ia 4500
008 230524s9999 xx 000 0 und d
082 _a620.112
_bBAS
100 _aA.R. Basu
245 0 _aStrength of Materials
250 _a2
260 _aNew Delhi
_bDhanpat rai
_c2013
300 _a"XVI,24.58p;"
500 _aQuantity Number: 1
650 _aMechanics
942 _cBK
999 _c57798
_d57798